Tendence a vývoj zemědělských družstev v tržním hospodářství.
Tradícia poľnohospodárskych družstiev u nás. Tendencie vývoja poľnohospodárskych družstiev vo svete. Prístup k transformácii poľnohospodárskeho družstva u nás. Zmena vlastníckych práv. Voľba novej podnikateľskej formy v súčasnom družstve.
Guardado en:
| Autor principal: | |
|---|---|
| Formato: | Capítulo de libro |
| Lenguaje: | checo |
| Materias: | |
| Etiquetas: |
Sin Etiquetas, Sea el primero en etiquetar este registro!
|
MARC
| LEADER | 00000naa a2200000 4500 | ||
|---|---|---|---|
| 001 | r012520 | ||
| 005 | 20220826093142.2 | ||
| 041 | 0 | |a cze | |
| 044 | |a SK | ||
| 245 | 1 | 0 | |a Tendence a vývoj zemědělských družstev v tržním hospodářství. |c O. Denemarek |
| 520 | |a Tradícia poľnohospodárskych družstiev u nás. Tendencie vývoja poľnohospodárskych družstiev vo svete. Prístup k transformácii poľnohospodárskeho družstva u nás. Zmena vlastníckych práv. Voľba novej podnikateľskej formy v súčasnom družstve. | ||
| 610 | 2 | 0 | |a družstvá poľnohospodárske |
| 610 | 2 | 0 | |a transformácia |
| 610 | 2 | 0 | |a podnikanie |
| 610 | 2 | 0 | |a vlastníctvo |
| 100 | 1 | |a Denemarek, O. | |